Wages, rents, and the quality of life

Gespeichert in:
Bibliographische Detailangaben
1. Verfasser: Roback, Jennifer
Format: Buch
Sprache:Englisch
Veröffentlicht: New Haven Yale University 1983
Schriftenreihe:Center Paper no. 328
Tags: Tag hinzufügen
Keine Tags, Fügen Sie das erste Tag hinzu!

MARC

LEADER 00000nam a2200000 4500
001 c131250
005 20181203150432.1
041 0 |a eng 
044 |a US 
245 1 0 |a Wages, rents, and the quality of life  |c Jennifer Roback 
264 1 |a New Haven  |b Yale University  |c 1983 
300 |a S. 1257-1278 
490 1 |a Center Paper  |v no. 328 
830 0 |a Center Paper  |v no. 328 
100 1 |a Roback, Jennifer